Tame Impala Lyrics - Disciples - Statistics

General Stats
  • This quiz has been taken 14 times
  • The average score is 91 of 141
Answer Stats
Lyrics % Correct
I
100%
to
100%
you
100%
your
100%
so
91%
So
91%
And
82%
be
82%
but
82%
But
82%
do
82%
the
82%
used
82%
anymore
73%
by
73%
could
73%
ever
73%
long
73%
long,
73%
no
73%
was
73%
won't
73%
guess
64%
just
64%
one's
64%
past
64%
take
64%
tell
64%
that
64%
walk
64%
When
64%
face,
55%
I'm
55%
it
55%
still
55%
there
55%
unsure,
55%
way
55%
anyone
45%
around
45%
been
45%
'Cause
45%
didn't
45%
door
45%
it's
45%
people
45%
'round
45%
rude
45%
stay
45%
today,
45%
very
45%
changed
36%
know
36%
much
36%
something
36%
There's
36%
wanna
36%
we
36%
what
36%
you're
36%
can't
27%
everybody
27%
feeling
27%
had
27%
idea
27%
like
27%
Now
27%
now
27%
outside,
27%
should
27%
things
27%
wait
27%
Walkin'
27%
will
27%
you've
27%
came
18%
lose
18%
owes
18%
say
18%
world
18%
worried
18%
audience
9%
whose
9%
No matching quizzes found
Score Distribution
Percent of People with Each Score
Percentile by Number Answered
Your Score History
You have not taken this quiz